CLINICAL CASES IN PEDIATRIC DENTISTRY (Record no. 9870)

MARC details
000 -LEADER
fixed length control field 00319nam a22001457a 4500
020 ## - INTERNATIONAL STANDARD BOOK NUMBER
International Standard Book Number 978-0-8138-0161-4
082 ## - DEWEY DECIMAL CLASSIFICATION NUMBER
Classification number C12M
100 ## - MAIN ENTRY--PERSONAL NAME
Personal name MOURSI,AMR.M
245 ## - TITLE STATEMENT
Title CLINICAL CASES IN PEDIATRIC DENTISTRY
250 ## - EDITION STATEMENT
Edition statement 1ST
260 ## - PUBLICATION, DISTRIBUTION, ETC. (IMPRINT)
Place of publication, distribution, etc U.K
Name of publisher, distributor, etc ELSEVIER
Year of Publication 2015
300 ## - PAGE DESCRIPTION
No. of Pages 365
650 ## - SUBJECT ADDED ENTRY--TOPICAL TERM
Topical term or geographic name as entry element PEDODONTICS
942 ## - ADDED ENTRY ELEMENTS (KOHA)
Source of classification or shelving scheme Dewey Decimal Classification
Koha item type Books
Holdings
Withdrawn status Lost status Source of classification or shelving scheme Damaged status Not for loan Home library Current library Shelving location Date acquired Vendor Name Cost, normal purchase price SGTU Bill Number Total Checkouts Full call number Accession No. (Barcode) Date last seen Date last borrowed Bill Date Koha item type
    Dewey Decimal Classification     SGT Dental Library SGT Dental Library Reference Book 06/09/2016 ABC 7564.00 SGTU 6923 1 617.645,C12M FD7412 03/12/2018 03/12/2018   Books